000
00333nam a22001457a 4500
020
_a
81-8199-178-8
082
_a
001
_b
BER/E
100
_a
BERRY, EDWARD
245
_a
ENCYCLOPEDIA OF SCIENCE EXPERIMENTS
260
_a
DELHI
_b
FORTUNE BOOKS
300
_a
128
520
_a
SCIENCE QUIZ
650
_a
SCIENCE QUIZ
_z
DELHI
942
_c
BK
999
_c
6056
_d
6056